| 000 | 01289nam a2200289 a 4500 | ||
|---|---|---|---|
| 001 | 000027479 | ||
| 003 | DO-SdBNP | ||
| 005 | 20251120073733.0 | ||
| 007 | ta | ||
| 008 | 100830s1999 dr acd 001 0 spa d | ||
| 040 |
_aDO-SdBNP _bspa _cBNPHU |
||
| 082 | 4 |
_a307.7609729356 _bL754po _222 |
|
| 245 | 0 | 0 |
_aLineamientos de políticas de desarrollo urbano para la ciudad de Santiago de los Caballeros / _cJulio Corral ...[et. al ] ; prólogo Mercedes Sabater de Macarrulla. |
| 260 |
_aSantiago de los Caballeros, República Dominicana : _bPUCMM : _bCEUR, _c1999. |
||
| 300 |
_a230 p. : _bilustraciones, mapas y retratos ; _e28 cm. |
||
| 504 | _aBibliografía : p. 191-194 | ||
| 590 | _aInventariado,2018/DG | ||
| 650 | 4 |
_aCiudades y pueblos _zRepública Dominicana, Santiago De Los Caballeros _954555 |
|
| 650 | 4 |
_aDesarollo urbano _zRepública Dominicana, Santiago De Los Caballeros _954556 |
|
| 651 | 4 |
_aSantiago de los Caballeros (Republica Dominicana) _98269 |
|
| 700 | 1 |
_aCorral, Julio _954558 |
|
| 700 | 1 |
_aSabater de Macarrulla, Mercedes, _eprólogo _943939 |
|
| 710 | 2 |
_aCentro de Estudios Urbanos y Regionales (República Dominicana) _954559 |
|
| 710 | 2 |
_aPontificia Universidad Católica Madre y Maestra _9843 |
|
| 910 | _aValidado. Control de calidad MFF | ||
| 942 |
_2ddc _cLBS1 |
||
| 999 |
_c26971 _d26971 |
||